000 01573nam a2200481 i 4500
001 45395
003 KOSZ 005
005 20220120090734.0
008 040202s2004 pl a f f |000 0 pol
015 _aUWD 2004/3093
020 _a8387981710
035 _a991022320399705066
035 _a(PL-WaBN)b16020819-48omnis_nlop
035 _ab16020819
035 _a(OCoLC)749404913
035 _azz2004841618
035 _a(PL)b0000001602081
035 _a(EXLNZ-48OMNIS_NETWORK)9910464663205606
040 _aWA N
_cWA N
_dKOSZ 005/HR
041 0 _apol
046 _k2004
080 _a336.71
080 _a(075.8)
100 1 _aTalecka, Aniela
_eAutor
245 1 0 _aBankowość :
_bsystem bankowy i usługi /
_cAniela Talecka, Piotr Niczyporuk.
260 _aBiałystok :
_bWydaw. Wyższej Szkoły Ekonomicznej,
_c2004.
300 _a242 s. :
_btab., wykr. ;
_c24 cm.
336 _aTekst
_btxt
_2rdacontent
337 _aBez urządzenia pośredniczącego
_bn
_2rdamedia
338 _aWolumin
_bnc
_2rdacarrier
380 _aKsiążki
380 _aPublikacje dydatykczne
385 _mPoziom nauczania
_aSzkoły wyższe
388 _a2001-
504 _aBibliogr. s. 235-239, wykaz aktów prawnych s. 239-241.
650 7 _aBanki
_2DBN
655 7 _aPodręczniki akademickie
_2DBN
658 _aGospodarka, ekonomia, finanse
700 1 _aNiczyporuk, Piotr
_eAutor
856 _uhttp://koha.tu.koszalin.pl/cgi-bin/koha/opac-detail.pl?biblionumber=45395
_yKatalog online BPK
942 _2UKD
_cKS
999 _c45395
_d45395